000 00483nam a2200169Ia 4500
999 _c16262
_d16262
003 OSt
005 20200606115904.0
008 190216s9999||||xx |||||||||||||| ||und||
040 _cMESKC library
082 _a891.43
_bMAI/Y
100 _aMaishal, Radha Rani
_9242
245 0 _aYathana ka Vidhroh /
_cRadha Rani Maishal
260 _bAkash Prakashan,
_aDelhi:
_c1999.
300 _a200p
650 _aHindi
942 _cBK
_2ddc
_h891.43
_iMAI/Y
_k891.43
_mMAI/Y